1099 1675 1946 1830 1368 1941 1473 1777 1683 1684 1748 1707 1342 1952 1966 1050 1057 1889 1108 1374 1685 1511 1335 1128 1079 1688 1040 1860 1565 1743 1022 1596 1518 1082 1204 1104 1771 1046 1904 1124 1987 1811 1206 1410 1480 1303 1946 1583 1384 1091 1121 1477 1811 2000 1697 1699 1936 1711 1178 1914 1273 1161 1115 1682 1410 1087 1969 1424 1087 1494 1547 1468 1702 1624 1299 1538 1754 1790 1445 1368 1245 1386 1021 1994 1234 1894 1680 1263 1541 1261 1425 1412 1500 1047 1674 1799 1873 1133 1997 BCNSPRNW ULIB Ver.6.0+V

เปลี่ยนเป็นภาษาไทย

Change to English
 แสดงรายละเอียดบรรณานุกรม
  กลับหน้าหลัก

Brief Record : Get Marc (ISO 2709) : E-mail record : QR code < ปิดหน้าต่าง
LEADER : 00000nam 2200000uu 4500
001    13399123654
003     ULIB
008    141103s2556||||th 000 0 tha d
020    ^a9786163358349
060  4 ^aWC528^bป418ร
100    ^aประเสริฐ ทองเจริญ
245    ^aระบาดบันลือโลก 22 : โรคไข้เลือดออกเด็งกี่ /^cประเสริฐ ทองเจริญ
246 0  World-Shaking Outbreaks-
250    ^aพิมพ์ครั้งที่ 1
260    ^aกรุงเทพฯ :^bอักษรสมัย(๑๙๙๙),^c2556
300    ^a174หน้า;^b18.5 ซม.
650    ^aโรคไข้เลือดออกเด็งกี่
945    ^p200^l0^i036517
945    ^p200^l0^i036518
945    ^p200^l0^i036519
945    ^p200^l0^i036520
945    ^p200^l0^i036521
999    ^aเกษร โพธิ์สุวรรณ
รายการนี้ยังไม่มีแท็ก
คุณยังไม่ได้ล็อกอิน คุณสามารถมีกิจกรรมร่วมกับเว็บไซต์ได้ แต่ต้องล็อกอินก่อน ::
  ล็อกอิน

รายการสื่อสารสนเทศ

ลำดับที่ ประเภท เลขเรียก/บาร์โค้ด สถานที่ สถานะ
1. วิทยาศาสตร์การแพทย์ และสุขภาพ
หนังสือสำรอง
สถานะ=หนังสือสำรอง
WC528 ป418ร ฉ.1 
  Barcode: 036517
ห้องสมุดวิทยาเขตสวรรค์ประชารักษ์
►ส่วนจัดเก็บหนังสือเก่า สปร
บนชั้น
  ขอยืม
2. วิทยาศาสตร์การแพทย์ และสุขภาพ
วิทยาศาสตร์การแพทย์ และสุขภาพ
WC528 ป418ร ฉ.2 
  Barcode: 036518
ห้องสมุดวิทยาเขตสวรรค์ประชารักษ์
►ส่วนจัดเก็บหนังสือเก่า สปร
บนชั้น
  ขอยืม
3. วิทยาศาสตร์การแพทย์ และสุขภาพ
วิทยาศาสตร์การแพทย์ และสุขภาพ
WC528 ป418ร ฉ.3 
  Barcode: 036519
ห้องสมุดวิทยาเขตสวรรค์ประชารักษ์
►ส่วนจัดเก็บหนังสือเก่า สปร
บนชั้น
  ขอยืม
4. วิทยาศาสตร์การแพทย์ และสุขภาพ
วิทยาศาสตร์การแพทย์ และสุขภาพ
WC528 ป418ร ฉ.4 
  Barcode: 036520
ห้องสมุดวิทยาเขตสวรรค์ประชารักษ์
►ส่วนจัดเก็บหนังสือเก่า สปร
บนชั้น
  ขอยืม
5. วิทยาศาสตร์การแพทย์ และสุขภาพ
วิทยาศาสตร์การแพทย์ และสุขภาพ
WC528 ป418ร ฉ.5 
  Barcode: 036521
ห้องสมุดวิทยาเขตสวรรค์ประชารักษ์
►ส่วนจัดเก็บหนังสือเก่า สปร
บนชั้น
  ขอยืม

รายการใกล้เคียง
    ผู้แต่ง [ประเสริฐ ทองเจริญ]

    หัวเรื่อง [โรคไข้เลือดออกเด็งกี่]

BibComment


ยังไม่เคยถูกคอมเมนท์

คอมเมนท์ทรัพยากรรายการนี้
  คอมเมนท์: ระบาดบันลือโลก 2..


 Copyright 2026. Bcnsprnw @Library